| 000 | nam a22 a 4500 | ||
|---|---|---|---|
| 999 |
_c184195 _d184195 |
||
| 003 | BLK | ||
| 005 | 20220216101406.0 | ||
| 008 | 180411b bul|||||r ||||||| ||bul|| | ||
| 010 | _aKNG00193147000 | ||
| 040 | _aBLK | ||
| 041 |
_aBUL _cBUL |
||
| 080 |
_aВидове общообразователни училища _b373 _z373 |
||
| 100 | 1 |
_aДобрев, Тончо Николов _eпърви автор _9248853 |
|
| 139 |
_aДобрев, Тончо Николов _bД 66 |
||
| 245 | 1 | 0 |
_aМетодика на производственото обучение в професионалните училища _bПособие за учители _cТончо Николов Добрев. |
| 257 | _aBGR | ||
| 260 |
_aСофия _bТехника _c1962 _fВраца : В. Александров |
||
| 300 |
_a154 с. _c25 см |
||
| 380 | _a3 | ||
| 500 | _a3 082 тир. - Библиогр. с. 152. | ||
| 650 | 4 |
_aПроизводство _9167988 |
|
| 650 | 4 |
_aОбучение _9164588 |
|
| 852 | _aЦб 24466 | ||
| 856 | 4 | _qpdf | |
| 856 | 4 | _qpdf | |
| 942 |
_cKNG _n0 _s1 |
||
| 944 |
_aCR _c14.10.2016 _kГрета_Цуфелде |
||
| 944 |
_aED _c14.10.2016 _kГрета_Цуфелде |
||
| 999 | _d184195 | ||